000 00825cab a2200253 4500
001 WB3444-04
008 090401t1998 xxu||||| |||| 00| 0 eng d
035 _a(Sirsi) u89746
041 _aeng
245 _aBumpy ride for construction groups
260 _c1998
350 _a0
490 _aFinancial Times
_v17 November 1998, 13(1)
520 _aA survey carried out by the Construction Confederation suggests that construction companies are pessimistic about their prospects in the light of the current economic slowdown.
650 _aCONSTRUCTION COMPANIES
650 _aCONSTRUCTION CONFEDERATION
650 _aCONSTRUCTION PROJECTS
650 _aECONOMIC OUTLOOK
650 _aECONOMIC SLUMP
650 _aSURVEYS
690 _aBUILDING AND CONSTRUCTION-PROJECTS
942 _n0
948 _c17/11/1998
999 _c56803
_d56803